| 000 | 00000nas 22000008a 4500 |
| 001 | 9.810701 |
| 003 | CaOODSP |
| 005 | 20250313134245 |
| 007 | cr ||||||||||| |
| 008 | 160205c20139999qucar p o f0 a0eng|d |
| 022 | |a2369-9353 |
| 040 | |aCaOODSP|beng |
| 043 | |an-cn--- |
| 086 | 1 |aEn81-25E-PDF |
| 222 | 0|aCanada's ... black carbon inventory |
| 245 | 00|aCanada's black carbon inventory |h[electronic resource] / |cEnvironment Canada, Pollutant Inventories and Reporting Division. |
| 246 | 3 |aCanada's black carbon inventory report|f2019- |
| 260 | |a[Gatineau, QC] : |bEnvironment Canada, |c[2015]- |
| 310 | |aAnnual |
| 362 | 1 |aBegan with: 1st (2013). |
| 500 | |aIssued also in French under title: Inventaire de carbone noir du Canada. |
| 500 | |aIssued 2016- by Environment and Climate Change Canada |
| 692 | 07|2gccst|aPollutants |
| 710 | 1 |aCanada. |bEnvironment Canada. |
| 710 | 2 |aPollutant Inventories and Reporting Division. |
| 710 | 1 |aCanada. |bEnvironment and Climate Change Canada. |
| 775 | 08|tInventaire de carbone noir du Canada |w(CaOODSP)9.810703 |